000
00328nam a2200133Ia 4500
008
240624s9999 xx 000 0 und d
041
_a
eng
082
_a
657.0218 GHO
100
_a
GHOSH T P
245
_a
UNDERSTANDING IFRSS
260
_c
2009
_a
New Delhi
_b
Taxmann
300
_a
i-42, : 1357 : p. : cm. ; 24
365
_c
RS
_b
25
999
_c
13741
_d
13741